000 01022nam a2200265Ia 4500
001 21851
005 20260320113318.0
008 260320s9999||||xx |||||||||||||| ||und||
020 _a9788497889339
041 _aESP
082 _a004.678
_bP45
100 _aPérez Navarro, Antonio,
_eAUT y COR
245 0 _aIntroducción a los sistemas de información geográfica y geotelemática
_b
246 _a
_5
_b
250 _aPrimera edición, decimosegunda reimpresión
260 _aBarcelona :
_bEditorial UOC,
_c2016
300 _a347 páginas :
_bilustraciones, tablas ;
_c24 cm.
_e
440 _a(Informática
_n; número 173)
_v
650 _aGEN
653 _aInformática; Geotelemática; Geodesia; Sistemas de información geográfica
654 _aCCC
700 _aBotella Plana, Albert; Muñoz Bollas, Anna; Olivella González, Rosa
_cAUTS [y otros dos]
856 _uhttps://ieeexplore-ieee-org.ucsp.lookproxy.com/Xplore/home.jsp
_zVéase además: Base de datos IEEE Xplore
942 _cLIB
_dJUS
_fMAT
_2ddc
_n
999 _c21851
_d21851